| 000 | 01150nam a22002657a 4500 | ||
|---|---|---|---|
| 005 | 20260416155939.0 | ||
| 008 | 260416t2002 |||||||| |||| 00| 0 eng d | ||
| 020 | _a9780965879835 | ||
| 040 |
_aCO-BoUCM _bspa _cSandra Palacio _dSandra Palacio |
||
| 041 | _aeng | ||
| 100 |
_aRomaine, James _9188624 |
||
| 245 | 1 | 0 |
_aObjects of grace : _bconversations on creativity and faith / _cJames Romaine |
| 260 |
_aBaltimore, Maryland : _bSquare Halo Books, _c2002 |
||
| 300 |
_a173 páginas _bilustraciones |
||
| 500 | _aIncluye perfiles biográficos de los artistas entrevistados. | ||
| 520 | _aCompilación de diálogos entre el autor y destacados artistas visuales sobre la relación entre el proceso creativo y la espiritualidad cristiana. Se examina el papel del arte en la iglesia y la vida del creyente. | ||
| 650 | 4 |
_aArte y religión _99530 |
|
| 650 | 4 |
_aCristianismo en el arte _9188625 |
|
| 650 | 4 |
_aArtistas _xEntrevistas _9188626 |
|
| 700 | 1 |
_aBowden, Sandra _9188443 |
|
| 700 | 1 |
_aFujimura, Makoto _9188442 |
|
| 700 | 1 |
_aRollins, Tim _9188627 |
|
| 942 |
_2DEWEY _a17 _cLIBRO _e1 _h704.9482 _mR757o |
||
| 999 |
_c326252 _d326252 |
||